Mark L. Bristol papers, (Record no. 39213)

MARC details
000 -LEADER
fixed length control field 01592cpcaa2200337 a 4500
001 - CONTROL NUMBER
control field mm 70053934
003 - CONTROL NUMBER IDENTIFIER
control field DLC
005 - DATE AND TIME OF LATEST TRANSACTION
control field 20260227111614.0
008 - FIXED-LENGTH DATA ELEMENTS--GENERAL INFORMATION
fixed length control field 730514|||||||||||| eng
010 ## - LIBRARY OF CONGRESS CONTROL NUMBER
LC control number mm 70053934
NUCMC control number ms 72001703
040 ## - CATALOGING SOURCE
Original cataloging agency DLC
Transcribing agency DLC
Description conventions dacs
Modifying agency DLC
072 #7 - SUBJECT CATEGORY CODE
Subject category code R
Source lcmd
100 1# - MAIN ENTRY--PERSONAL NAME
Personal name Bristol, Mark L.
Fuller form of name (Mark Lambert),
Dates associated with a name 1868-1939.
245 00 - TITLE STATEMENT
Title Mark L. Bristol papers,
Inclusive dates 1913-1918.
300 ## - PHYSICAL DESCRIPTION
Extent 100
Type of unit items.
300 ## - PHYSICAL DESCRIPTION
Extent 1
Type of unit container.
506 0# - RESTRICTIONS ON ACCESS NOTE
Terms governing access Open to research.
520 8# - SUMMARY, ETC.
Summary, etc. Carbon copies of letters sent, speech, testimony before Congress, reports, memoranda, and list of officers relating to the naval aeronautics program, which Bristol served as director. Recipients of letters include Washington Irving Chambers, Alan Ramsay Hawley, Thomas S. Martin, Henry Croskey Mustin, and Henry Woodhouse.
545 0# - BIOGRAPHICAL OR HISTORICAL DATA
Biographical or historical data Naval officer.
580 ## - LINKING ENTRY COMPLEXITY NOTE
Linking entry complexity note Forms part of: Naval Historical Foundation collection.
600 10 - SUBJECT ADDED ENTRY--PERSONAL NAME
Personal name Chambers, Washington Irving,
Dates associated with a name 1856-1934
Form subdivision Correspondence.
600 10 - SUBJECT ADDED ENTRY--PERSONAL NAME
Personal name Hawley, Alan Ramsay,
Dates associated with a name 1869-1938
Form subdivision Correspondence.
600 10 - SUBJECT ADDED ENTRY--PERSONAL NAME
Personal name Martin, Thomas S.
Fuller form of name (Thomas Staples),
Dates associated with a name 1847-1919
Form subdivision Correspondence.
600 10 - SUBJECT ADDED ENTRY--PERSONAL NAME
Personal name Mustin, Henry Croskey,
Dates associated with a name 1874-1923
Form subdivision Correspondence.
600 10 - SUBJECT ADDED ENTRY--PERSONAL NAME
Personal name Woodhouse, Henry,
Dates associated with a name 1884-
Form subdivision Correspondence.
610 10 - SUBJECT ADDED ENTRY--CORPORATE NAME
Corporate name or jurisdiction name as entry element United States.
Subordinate unit Navy
General subdivision Aviation.
656 #7 - INDEX TERM--OCCUPATION
Occupation Naval officers.
Source of term itoamc

No items available.

Powered by Koha